Statistics for European Countries Populations of 2016

Click here to take the quiz!

General Stats

  • This quiz has been taken 47 times
  • The average score is 21 of 23

Answer Stats

Population
(millions)
Country% Correct
66.9France
100%
82.5Germany
100%
144.3Russia
100%
9.5Belarus
95%
60.6Italy
95%
10.3Portugal
95%
46.5Spain
95%
9.9Sweden
95%
65.6UK
95%
45.0Ukraine
95%
11.3Belguim
91%
7.1Bulgaria
91%
10.6Czech Republic
91%
5.5Finland
91%
10.8Greece
91%
17.0Netherlands
91%
38.0Poland
91%
19.7Romania
91%
9.8Hungary
86%
7.1Serbia
86%
8.7Austria
82%
8.4Switzerland
77%
5.4Slovakia
73%

Score Distribution

Percentile by Number Answered

Percent of People with Each Score

Your Score History

You have not taken this quiz